00698 2200253 4500001002100000005001500021035002000036007000300056008004100059020002200100082001200122084001800134100002800152245006700180250001000247300002100257700002600278600001000304264004400314336002100358337003000379338002300409990001200432INLIS00000000000033620231212102920 a0010-1223000013ta231212 1 ind  a978-602-5849-03-9 a899.221 a899.221 GAT u0 aGatsa KumalaePengarang1 aUnperfect Wedding :bCinta Yang Menyempurnakan /cGatsa Kumala acet 1 a186 hlm ;c21 cm0 aBerta EnyePenyunting 4aNovel aJakarta :bBuku Pintar Indonesia,c2018 2rdacontentateks 2rdamediaatanpa perantara 2rdacarrieravolume a23.0809